000
00232nam a2200097Ia 4500
001
760363
005
20250826165147.0
008
250824s9999 xx 000 0 und d
245
0
_a
SICAK AYAZ
_c
SERKAN ÖZEL
260
_b
DESTEK YAYINLARI
999
_c
760363
_d
760363